1913 1860 1000 1014 1152 1783 1140 1553 1838 1831 1640 1036 1514 1402 1906 1581 1467 1875 1830 1170 1232 1011 1323 1638 1528 1908 1844 1001 1887 1368 1160 1611 1390 1095 1375 1201 1217 1980 1777 1702 1085 1472 1553 1287 1876 1232 1605 1664 1328 1214 1024 1310 1629 1783 1907 1710 1094 1922 1655 1086 1864 1567 1161 1463 1990 1192 1092 1256 1792 1126 1524 1690 1018 1266 1820 1203 1671 1152 1000 1321 1292 1003 1016 1106 1298 1505 1069 1441 1806 1760 1059 1309 1734 1563 1076 1724 1398 1755 1987 BCNSPRNW ULIB Ver.6.0+V

เปลี่ยนเป็นภาษาไทย

Change to English
 แสดงรายละเอียดบรรณานุกรม
  กลับหน้าหลัก

Brief Record : Get Marc (ISO 2709) : E-mail record : QR code < ปิดหน้าต่าง
LEADER : 00000nam 2200000uu 4500
001    13399125363
003     ULIB
008    170511s||||||||th 000 0 tha d
020    ^a9786161120252
040    ^abns
060 04 ^aWY100^bอ253ค
100 0  ^aอภิญญา เพียรพิจารณ์
245 10 ^aคู่มือปฏิบัติการพยาบาล ^nเล่ม 1 /^cอภิญญา เพียรพิจารณ์
250    ^aพิมพ์ครั้งที่ 1
260    ^aนนทบุรี :^bโครงการสวัสดิการวิชาการ สถาบันพระบรมราชชนก,^c2556
300    ^a214 หน้า :^bภาพประกอบ ;^c26 ซม.
500    ^aพื้นฐานการพยาบาล
504    ^aมีบรรณานุกรมและดัชนี
505 0  ^a1. การทำความสะอาดร่างกาย--2. การทำเตียงผู้ป่วย--3. การเคลื่อนย้ายผู้ป่วย--4. การให้ยาและสารน้ำ--5. การวัดสัญญาณชีพ
650  4 ^aการพยาบาล^vคู่มือ
650  0 ^aพื้นฐานการพยาบาล
710 2  ^aสถาบันพระบรมราชชนก. ^bโครงการสวัสดิการวิชาการ
945    ^p250^l0^i23926
945    ^p250^l0^i23927
945    ^p250^l0^i23928
945    ^p250^l0^i23929
945    ^p250^l0^i23930
945    ^p250^l0^i23931
945    ^p250^l0^i23932
945    ^p250^l0^i23933
945    ^p250^l0^i23934
945    ^p250^l0^i23935
999    ^aกัณชพร
รายการนี้ยังไม่มีแท็ก
คุณยังไม่ได้ล็อกอิน คุณสามารถมีกิจกรรมร่วมกับเว็บไซต์ได้ แต่ต้องล็อกอินก่อน ::
  ล็อกอิน

รายการสื่อสารสนเทศ

ลำดับที่ ประเภท เลขเรียก/บาร์โค้ด สถานที่ สถานะ
1. หนังสือสำรอง
หนังสือสำรอง
WY100 อ253ค ฉ.1 
  Barcode: 23926
ห้องสมุดวิทยาเขตนครสวรรค์
►หนังสือทั่วไป:l:General Books
บนชั้น
2. วิทยาศาสตร์การแพทย์ และสุขภาพ
วิทยาศาสตร์การแพทย์ และสุขภาพ
สถานะ=หนังสือเก่า
WY100 อ253ค ฉ.10 
  Barcode: 23935
ห้องสมุดวิทยาเขตนครสวรรค์
►ส่วนจัดเก็บหนังสือเก่า นว.
บนชั้น
  ขอยืม
3. วิทยาศาสตร์การแพทย์ และสุขภาพ
วิทยาศาสตร์การแพทย์ และสุขภาพ
สถานะ=หนังสือเก่า
WY100 อ253ค ฉ.2 
  Barcode: 23927
ห้องสมุดวิทยาเขตนครสวรรค์
►ส่วนจัดเก็บหนังสือเก่า นว.
บนชั้น
  ขอยืม
4. วิทยาศาสตร์การแพทย์ และสุขภาพ
วิทยาศาสตร์การแพทย์ และสุขภาพ
สถานะ=หนังสือเก่า
WY100 อ253ค ฉ.3 
  Barcode: 23928
ห้องสมุดวิทยาเขตนครสวรรค์
►ส่วนจัดเก็บหนังสือเก่า นว.
บนชั้น
  ขอยืม
5. วิทยาศาสตร์การแพทย์ และสุขภาพ
วิทยาศาสตร์การแพทย์ และสุขภาพ
สถานะ=หนังสือเก่า
WY100 อ253ค ฉ.4 
  Barcode: 23929
ห้องสมุดวิทยาเขตนครสวรรค์
►ส่วนจัดเก็บหนังสือเก่า นว.
บนชั้น
  ขอยืม
6. วิทยาศาสตร์การแพทย์ และสุขภาพ
วิทยาศาสตร์การแพทย์ และสุขภาพ
สถานะ=หนังสือเก่า
WY100 อ253ค ฉ.5 
  Barcode: 23930
ห้องสมุดวิทยาเขตนครสวรรค์
►ส่วนจัดเก็บหนังสือเก่า นว.
บนชั้น
  ขอยืม
7. วิทยาศาสตร์การแพทย์ และสุขภาพ
วิทยาศาสตร์การแพทย์ และสุขภาพ
สถานะ=หนังสือเก่า
WY100 อ253ค ฉ.6 
  Barcode: 23931
ห้องสมุดวิทยาเขตนครสวรรค์
►ส่วนจัดเก็บหนังสือเก่า นว.
บนชั้น
  ขอยืม
8. วิทยาศาสตร์การแพทย์ และสุขภาพ
วิทยาศาสตร์การแพทย์ และสุขภาพ
สถานะ=หนังสือเก่า
WY100 อ253ค ฉ.7 
  Barcode: 23932
ห้องสมุดวิทยาเขตนครสวรรค์
►ส่วนจัดเก็บหนังสือเก่า นว.
บนชั้น
  ขอยืม
9. วิทยาศาสตร์การแพทย์ และสุขภาพ
วิทยาศาสตร์การแพทย์ และสุขภาพ
สถานะ=หนังสือเก่า
WY100 อ253ค ฉ.8 
  Barcode: 23933
ห้องสมุดวิทยาเขตนครสวรรค์
►ส่วนจัดเก็บหนังสือเก่า นว.
บนชั้น
  ขอยืม
10. วิทยาศาสตร์การแพทย์ และสุขภาพ
วิทยาศาสตร์การแพทย์ และสุขภาพ
WY100 อ253ค ฉ.9 
  Barcode: 23934
ห้องสมุดวิทยาเขตนครสวรรค์
►หนังสือทั่วไป:l:General Books
บนชั้น

รายการใกล้เคียง
    ผู้แต่ง [อภิญญา เพียรพิจารณ์]

    หัวเรื่อง [พื้นฐานการพยาบาล]

BibComment


ยังไม่เคยถูกคอมเมนท์

คอมเมนท์ทรัพยากรรายการนี้
  คอมเมนท์: คู่มือปฏิบัติการ..


 Copyright 2026. Bcnsprnw @Library